000 01630nam a2200433Ia 4500
001 ocn420487388
003 TZ-ArACH
005 20120313123145.0
008 090701s2009 enk b 001 0 eng
010 _a 2008045373
020 _a9780754672739 (alk. paper)
020 _a0754672735 (alk. paper)
035 _a(OCoLC)420487388
035 _a(OClMA)000345639
040 _aDLC
_cCMA
041 _aEng
043 _ae-uk---
049 _aTZAA
050 0 0 _aZ679.7
_b.M38
100 1 _aMatthews, Graham,
_d1953-
_94831
245 1 0 _aDisaster management in archives, libraries and museums /
_cGraham Matthews, Yvonne Smith, Gemma Knowles.
260 _aFarnham, England ;
_aBurlington, VT :
_bAshgate,
_cc2009.
300 _axiv, 229 p. ;
_c25 cm.
504 _aIncludes bibliographical references (p. [207]-223) and index.
650 0 _aLibraries
_xSafety measures.
_94832
650 0 _aLibraries
_zGreat Britain
_xSafety measures.
_94833
650 0 _aArchives
_xSafety measures.
_94834
650 0 _aArchives
_zGreat Britain
_xSafety measures.
_94835
650 0 _aMuseums
_xSafety measures.
_94836
650 0 _aMuseums
_zGreat Britain
_xSafety measures.
_94837
650 0 _aLibrary materials
_xConservation and restoration.
_94838
650 0 _aArchival materials
_xConservation and restoration.
_94839
650 0 _aCultural property
_xProtection.
_94840
650 0 _aEmergency management.
_94841
700 1 _aSmith, Yvonne.
_94842
700 1 _aKnowles, Gemma.
_94843
942 _2lcc
_cBOOK
999 _c1635
_d1635